| 000 | 00756nam a22002057a 4500 | ||
|---|---|---|---|
| 999 |
_c15172 _d15172 |
||
| 003 | OSt | ||
| 082 | _2631.587 GEE/DE | ||
| 088 | _aP 297 | ||
| 100 |
_aGEETHU KRISHNAN _93735 |
||
| 245 | _aDevelopment of reinforced recycled plastic lumber post for agriculture fencing | ||
| 260 |
_aTavanur 2015 _bDepartment of Irrigation and drainage engineering |
||
| 300 | _a44 | ||
| 500 | _aDevelopment of reinforced recycled plastic lumber post for agriculture fencing | ||
| 520 | _aDevelopment of reinforced recycled plastic lumber post for agriculture fencing | ||
| 700 |
_aGreeshma K _93736 |
||
| 700 |
_aMirshad M _93737 |
||
| 700 |
_aEr. Vishnu B (Guide) _93355 |
||
| 856 | _uhttps://drive.google.com/open?id=1OqfOk9EFwNpFS5WiXnDasz2k1utYlpgI | ||
| 942 | _cPR | ||